| 000 | 00946 a2200265 4500 | ||
|---|---|---|---|
| 999 |
_c200129674 _d31408 |
||
| 001 | 200129674 | ||
| 003 | TR-AnTOB | ||
| 005 | 20241121154112.0 | ||
| 008 | 190527b xxu||||| |||| 00| 0 tur d | ||
| 020 | _a9789751952493 | ||
| 040 |
_aTR-AnTOB _cTR-AnTOB |
||
| 041 | _atur | ||
| 050 |
_aZ7554.T9 _bT87 2012 |
||
| 090 | _aZ7554 .T9 T87 2012 | ||
| 245 | 1 | 0 |
_aTÜİK veriye erişim ve yayın kataloğu = _bTürkStat data access and publication catalogue 2012 / _chaz. Türkiye İstatistik Kurumu. |
| 264 | 1 |
_aAnkara: _bTürkiye İstatistik Kurumu, _c2012 |
|
| 300 |
_a104 p. : _bill. ; _c21 x 21 cm. |
||
| 490 | 0 |
_aTürkiye İstatistik Kurumu yayın ; _vno 3644. |
|
| 500 | _aEnglish and Turkish. | ||
| 610 | 2 | 0 |
_aTürkiye İstatistik Kurumu _943555 |
| 651 | 0 | 0 |
_aTurkey _vStatistics _vBibliography _vCatalogs _9104848 |
| 651 | 0 |
_aTürkiye _vİstatistikler _vBibliyografya _vKataloglar _9104847 |
|
| 942 |
_cBK _2lcc |
||